000 00986cam a2200277 a 4500
001 15484521
005 20111128135955.0
008 081015s2010 au a b 001 0 eng
020 _a0324782381
020 _a9780324782387
020 _a0324591365
040 _aDLC
_cDLC
_dDLC
082 0 0 _a330
_223
_bTUC
100 1 _aTucker, Irvin B.
_930199
245 1 0 _aEconomics for Today /
_cIrvin B. Tucker.
250 _a6th ed.
260 _aAustralia ;
_aMason, OH :
_bSouth-Western Cengage Learning, c2010.
300 _axxxii, 845 p. :
_bcol. ill. ;
_c26 cm.
504 _aIncludes bibliographical references and index.
650 0 _aEconomics.
_930200
651 0 _aUnited States
_xEconomic conditions
_y2001-2009.
_930201
653 _bEco
_cJune2012
942 _2ddc
_cBB
999 _c16787
_d16787